Music Quiz

Random Music or Clickable Quiz

Bands By Last Name Quiz Stats

 Plays Quiz Updated Mar 20, 2018

     
Support Sporcle.
Go Orange.
Score 0/20 Timer 04:00
2 Plays Today
% Correct
The Beatles
95.4%
Nirvana
94.4%
The Rolling Stones
94.1%
Black Sabbath
92.3%
Aerosmith
91.1%
'N Sync
89.8%
Guns N' Roses
89.8%
The Doors
87.8%
The Beach Boys
83.4%
Led Zeppelin
82.8%
% Correct
New Kids on the Block
80.1%
Queen
77.6%
Van Halen
76.6%
Red Hot Chili Peppers
76.2%
Pink Floyd
75.6%
AC|DC
75%
Metallica
71.4%
The Monkees
69.5%
Radiohead
67.7%
Stone Temple Pilots
63.6%

From the Vault

Pixel Art - NFL Team XII

by goc3

Sports 3m
We'd call this retro, but football should predate pixel art.
Remove Ads.
Support Sporcle.
Get the best of Sporcle when you Go Orange. This ad-free experience offers more features, more stats, and more fun while also helping to support Sporcle. Thank you for becoming a member.

Show Comments

Extras

Top Quizzes Today


Score Distribution

Your Account Isn't Verified!

In order to create a playlist on Sporcle, you need to verify the email address you used during registration. Go to your Sporcle Settings to finish the process.

Report this User

Report this user for behavior that violates our Community Guidelines.

Details: